000 00912nam a2200265Ia 4500
003 OSt
005 20221002044128.0
006 a|||||r|||| 00| 0
007 ta
008 220930b |||||||| |||| 00| 0 eng d
020 _a817574152X
_c1500
024 _a83510
037 _b581, 30/03/2005, Eastern Book Linkers
_cReference Collections
040 _aCRL
_cCRL
_beng
041 _2eng
_aeng
082 _aND445245,D, P4(RR)
100 _aJoshi N. P.
_942629
245 0 _aMathura sculptures
_b An illustrated handbook to appreciate sculptures in the Government Museum, Mathur
260 _aNew Delhi
_bSundeep Prakashan India
_c2004
300 _a82p. 101 plates
_ccm.
650 _a ARTS
650 _aINDIAN SCULPTURE - MATHURA
_9569026
942 _hND445245,D, P4(RR)
_cref
_2CC
999 _c909674
_d909674